| 000 | 00363nam a2200133Ia 4500 | ||
|---|---|---|---|
| 005 | 20260328104258.0 | ||
| 008 | 260328s9999||||xx |||||||||||||| ||und|| | ||
| 100 | _aSennett, Richard | ||
| 245 | 0 |
_aFlesh and Stone : _b the body and the City in western Civilization / _cRichard Sennett |
|
| 260 | _bNorton | ||
| 300 | _a431 p. | ||
| 650 | _aHISTORIA | ||
| 942 | _cBK | ||
| 999 |
_c10508 _d10508 |
||